| 000 | 00730nam a2200241 a 4500 | ||
|---|---|---|---|
| 003 | AR-BaBNM | ||
| 005 | 20251128210300.0 | ||
| 008 | 082120s2002 ||||||||||||||000 | spa|| | ||
| 020 | _a85-249-0668-5 | ||
| 040 | _cAR-BaBNM | ||
| 245 | 0 | 0 | _aColóquio sobre a política de formaçao de profissionais da educaçao no estado de Sâo Paulo |
| 260 |
_aSan Pablo _bCortez _bPontificia Universidade Católica de Sâo Paulo _bAçâo Educativa _c1997 |
||
| 300 | _a79 p. | ||
| 490 | 0 |
_aDebates _vv. 5 |
|
| 650 | 4 | _aFORMACION DE DOCENTES | |
| 650 | 4 | _aPOLITICA EDUCATIVA | |
| 650 | 4 | _aROL DEL DOCENTE | |
| 650 | 4 | _aESTUDIOS DE CASOS | |
| 651 | 4 | _aBrasil | |
| 653 | _aFORMACION DOCENTE CONTINUA | ||
| 942 | _cBK | ||
| 998 | _cRaquel | ||
| 999 |
_c14775 _d14775 |
||